| 000 | 00801cam a2200241 4500 | ||
|---|---|---|---|
| 001 | ABS63574 | ||
| 008 | 000000n2001 000 0 eng u | ||
| 035 | _a(Sirsi) u111083 | ||
| 100 | _aMountain, P. | ||
| 245 | _aNew homes, new hope: housing PPPs and urban regeneration | ||
| 260 | _c2001 | ||
| 490 |
_aPFI Intelligence Bulletin _v6(1) February 2001, 18-20(3) |
||
| 520 | _aArgues that the possible sale of Birmingham's council housing stock to a public-private consortium could pave the way for public private partnerships in housing. | ||
| 590 | _aABS | ||
| 650 | _aPUBLIC PRIVATE PARTNERSHIPS | ||
| 650 | _aBIRMINGHAM | ||
| 650 | _aCOUNCIL HOUSING | ||
| 650 | _aSTOCK TRANSFER | ||
| 650 | _aPFI | ||
| 650 | _aLOCAL AUTHORITIES | ||
| 690 |
_aAffordable housing _96215 |
||
| 942 | _n0 | ||
| 999 |
_c66180 _d66180 |
||